Impossible flag quiz in 90 seconds - Statistics

General Stats
  • This quiz has been taken 120 times
  • The average score is 6 of 8
Answer Stats
Picture Answer % Correct
argentina
100%
chile
88%
uk
88%
bahamas
84%
oman
81%
uzbekistan
69%
brasil
65%
congo
58%
No matching quizzes found
Score Distribution
Percent of People with Each Score
Percentile by Number Answered
Your Score History
You have not taken this quiz